Central Library OPAC University of Rajshahi

Children in the night / (Record no. 62731)

MARC details
000 -LEADER
fixed length control field 00742nam a2200253 a 4500
001 - CONTROL NUMBER
control field 62731
003 - CONTROL NUMBER IDENTIFIER
rucl marc code BD-RjUL
005 - DATE AND TIME OF LATEST TRANSACTION
control field 20211209081121.0
008 - FIXED-LENGTH DATA ELEMENTS--GENERAL INFORMATION
fixed length control field 170125s1991 miu 000 1 eng d
020 ## - INTERNATIONAL STANDARD BOOK NUMBER
International Standard Book Number 0310572517
035 ## - SYSTEM CONTROL NUMBER
System control number (BD-RjUL)62858
040 ## - CATALOGING SOURCE
Original cataloging agency DLC
Transcribing agency DLC
Modifying agency DLC
-- OCoLC
Language of cataloging eng
041 ## - LANGUAGE CODE
Language code of text/sound track or separate title eng
082 00 - DEWEY DECIMAL CLASSIFICATION NUMBER
Classification number 813
Edition number 23
Author mark and year MYC 1991
100 1# - MAIN ENTRY--PERSONAL NAME
Personal name Myra, Harold Lawrence,
Dates associated with a name 1939-
9 (RLIN) 186467
245 10 - TITLE STATEMENT
Title Children in the night /
Statement of responsibility, etc. by Harold Myra.
260 ## - PUBLICATION, DISTRIBUTION, ETC. (IMPRINT)
Place of publication, distribution, etc. Grand Rapids, Mich. :
Name of publisher, distributor, etc. Zondervan Pub. House,
Date of publication, distribution, etc. c1991.
300 ## - PHYSICAL DESCRIPTION
Pagination 301 p. ;
Size 23 cm.
650 #0 - SUBJECT ADDED ENTRY--TOPICAL TERM
Topical term or geographic name as entry element Light
General subdivision Fiction.
9 (RLIN) 186468
Topical term or geographic name as entry element Good and evil
General subdivision Fiction.
9 (RLIN) 186469
942 ## - ADDED ENTRY ELEMENTS (KOHA)
Source of classification or shelving scheme Dewey Decimal Classification
Koha item type Books
Holdings
Lost status Source of classification or shelving scheme Damaged status Not for loan Collection code Permanent Location Current Location Shelving location Date acquired Total Checkouts Full call number Date last seen Copy number Koha item type
  Dewey Decimal Classification   Not For Loan Fiction Central Library, University of Rajshahi Central Library, University of Rajshahi Reading Room 22/11/1993   813 MYC 1991 25/01/2017 C-1 Books